000 00712nam a22001937a 4500
999 _c10838
_d10838
008 180922b ||||| |||| 00| 0 eng d
020 _a978-621-416-045-7
082 _22018
_aDFil 657.4
_bC112
100 _aCabrera, Ma. Elenita Balatbat
_931525
245 _aCost accounting and control /
_cMa. Elenita Balatbat Cabrera and Gilbert Anthony B. Cabrera
250 _aEighteen Edition
260 _aC.M Recto Avenue, Manila :
_bGIC Enterprises & Co.,Inc.,
_c©2018
300 _aix, 396 pages :
_billustrations ;
_c23 cm.
500 _aIncludes appendix, glossary and index.
650 _aCost accounting
_931526
700 _aCabrera, Gilbert Anthony B.
_930929
365 _b720.00
_cPhp.
942 _2ddc
_cDFIL